000 01176cam a22003733a 4500
001 5676
003 PGUSA
005 20140828083123.0
008 040501s2004||||xxu|||||s|||||000 1 eng d
040 _aPGUSA
_beng
042 _adc
050 4 _aPR
050 4 _aPZ
100 1 _aMacDonald, George,
_d1824-1905
245 1 2 _aA Double Story
_h[electronic resource] /
_cGeorge MacDonald
260 _bProject Gutenberg,
_c2004
506 _aPublic domain in the USA.
516 _aElectronic text
653 _aConduct of life -- Juvenile fiction
653 _aFantasy fiction
653 _aPrincesses -- Juvenile fiction
653 _aSelfishness -- Juvenile fiction
653 _aKindness -- Juvenile fiction
653 _aKings and rulers -- Juvenile fiction
653 _aFairy tales
653 _aWomen shepherds -- Juvenile fiction
653 _aFairies -- Juvenile fiction
653 _aPride and vanity -- Juvenile fiction
653 _aParent and child -- Juvenile fiction
653 _aChildren -- Conduct of life -- Juvenile fiction
830 0 _aProject Gutenberg
_v5676
856 4 0 _uhttp://www.gutenberg.org/ebooks/5676
942 _cEB
999 _c235004
_d235004